00473pab a2200157 454500008004000000100002100040245006400061260000900125300001200134362000800146650002700154650003000181650003400211650002200245773004800267180718b2001 xxu||||| |||| 00| 0 eng d aChappell, Louise aFederalism and social policy: the case of domestic violence c2001 ap.59-69 aMar aFederalism - Australia aAustralia - Social policy aDomestic violence - Australia aDomestic violence aAustralian Journal of Public Administration